000 00317nam a2200109Ia 4500
008 180205s9999 xx 000 0 und d
020 _a9789712353123
100 _aBaraceros, Esther L.
245 _aEnglsih 3 :
_benglish for academic writing
260 _aRecto Avenue
_bREX book store
_c2009
300 _aiii, 169 pages
999 _c354694
_d354694